书目信息 |
| 题名: |
交流
|
|
| 作者: | 方海运 , 葛敏春 主编 | |
| 分册: | ||
| 出版信息: | 上海 上海教育出版社 2004 |
|
| 页数: | 19,281页 | |
| 开本: | 20cm | |
| 丛书名: | 小学课堂教学微观技术丛书 | |
| 单 册: | ||
| 中图分类: | G622.421 | |
| 科图分类: | ||
| 主题词: | 课堂教学--教学研究--小学 , 课堂教学 , 教学研究 | |
| 电子资源: | ||
| ISBN: | 7-5320-9338-7 | |
| 000 | 01036oam2 2200313 450 | |
| 001 | 05002666128 | |
| 005 | 20051212154442.09 | |
| 010 | @a7-5320-9338-7@dCNY20.00 | |
| 092 | @aCN | |
| 100 | @a20050714d2004 ekmy0chiy0120 ea | |
| 101 | 0 | @achi |
| 102 | @aCN@b310000 | |
| 105 | @ay az 000yy | |
| 200 | 1 | @a交流@9jiao liu@f方海运,葛敏春主编@Ffang hai yun,ge min chun zhu bian |
| 210 | @a上海@c上海教育出版社@d2004 | |
| 215 | @a19,281页@d20cm | |
| 225 | 2 | @a小学课堂教学微观技术丛书@f杨莲菁主编 |
| 320 | @a有书目:第275-277页 | |
| 330 | @a本书介绍了一些教学交流技术,包括解释说明法、推导论证法、分析与综合法、对照比较法、眼神的接触、表情的交互、手势的运用等。 | |
| 410 | 0 | @12001 @a小学课堂教学微观技术丛书@1701 0@a杨莲菁@Ayang lian jing@4主编 |
| 606 | 0 | @a课堂教学@x教学研究@x小学 |
| 606 | 0 | @a课堂教学 |
| 606 | 0 | @a教学研究 |
| 690 | @aG622.421@v4 | |
| 701 | 0 | @a方海运@Afang hai yun@4主编 |
| 701 | 0 | @a葛敏春@Age min chun@4主编 |
| 801 | 0 | @aCN@bNLC@c20051212 |
| 905 | @a10447@dG622.421@e150:2 | |
| 999 | @aHSJ | |
| 交流/方海运,葛敏春主编.-上海:上海教育出版社,2004 |
| 19,281页;20cm.-(小学课堂教学微观技术丛书/杨莲菁主编) |
| ISBN 7-5320-9338-7:CNY20.00 |
| 本书介绍了一些教学交流技术,包括解释说明法、推导论证法、分析与综合法、对照比较法、眼神的接触、表情的交互、手势的运用等。 |
| ● |
| 相关链接 |
|
|
|
|
正题名:交流
索取号:G622.421/150:2
 
预约/预借
| 序号 | 登录号 | 条形码 | 馆藏地/架位号 | 状态 | 备注 |
| 1 | 0370977 | 203709772 | 第一样本阅览室/ [索取号:G622.421/150:2] | 在馆 | |
| 2 | 0370978 | 203709781 | 第四借阅区/ [索取号:G622.421/150:2] | 在馆 | |
| 3 | 0370979 | 203709790 | 第四借阅区/ [索取号:G622.421/150:2] | 在馆 |